Sporcle Live Newsletter Quiz- Week of 8/12/14 Stats

 Plays Quiz not verified by Sporcle

Also try: 'B' Game
Challenge
Share
Tweet
Embed
Score 0/7 Timer 05:00
0 Plays Today
Question Answer % Correct
What Renaissance inventor and artist painted both 'The Last Supper' and the Mona Lisa?Leonardo da Vinci
83%
What supermarket tabloid's tagline is the intentionally misspelled 'Enquiring minds want to know?'The National Enquirer
80.2%
What American Civil War general later became President of the United States?Ulysses S. Grant
80%
What cartoon character from the 50s is known for his nearsightedness?Mr. Magoo
69.1%
With 22 medals, who is the most decorated Olympian of all time?Michael Phelps
63.7%
What James Bond henchman has steel teeth?Jaws
50.3%
Who was the first American woman to be nominated for Best Director at the Academy Awards?Sofia Coppola
23.4%

You're not logged in!

Compare scores with friends on all Sporcle quizzes.
OR
Log In

You Might Also Like...

Show Comments

Extras

Top Quizzes Today


Score Distribution

Your Account Isn't Verified!

In order to create a playlist on Sporcle, you need to verify the email address you used during registration. Go to your Sporcle Settings to finish the process.

Report this User

Report this user for behavior that violates our Community Guidelines.

Details: